| 000 | 01549nam a22003497a 4500 | ||
|---|---|---|---|
| 999 |
_c28985 _d28956 |
||
| 003 | EG-ScBUE | ||
| 005 | 20201024095431.0 | ||
| 008 | 200219s2005 ua o f b 000 0 ara d | ||
| 020 | _a977616305X | ||
| 040 |
_aEG-ScBUE _bara _erda _cEG-ScBUE _dEG-ScBUE |
||
| 041 | 1 |
_aara _hfre |
|
| 082 | 0 | 4 |
_a411.7 _bت ا ر _222 |
| 245 | 1 | 0 |
_aتاريخ الكتابة : _bمن التعبير التصويرى الى الوسائط الاعلامية المتعددة / _cتقديم إسماعيل سراج الدين ؛ تحرير خالد عزب ؛ أشرف على نشر النسخة الأصلية الفرنسية آن ماري كريستان. |
| 264 | 1 |
_aالإسكندرية، مصر : _bمكتبة الإسكندرية، _c2005. |
|
| 300 |
_a397 صفحة : _bصور ؛ _c24 سم. |
||
| 336 |
_2rdacontent _aنص _btxt |
||
| 337 |
_2rdamedia _aبدون وسيط _bn |
||
| 338 |
_2rdacarrier _aمجلد _bnc |
||
| 490 | 0 |
_aدراسات في الخطوط ؛ _v3 |
|
| 504 | _aيشتمل على إرجاعات ببليوجرافية. | ||
| 541 |
_aAlex. B. ; _cDonation |
||
| 546 | _aالنص باللغة العربية وتم ترجمته من اللغة الفرنسية. | ||
| 650 | 7 |
_aالكتابة، علم. _2BUEsh |
|
| 650 | 7 |
_aالكتابة _xتاريخ. _2BUEsh |
|
| 651 | _2BUEsh | ||
| 653 |
_bGGEN _cOctober2020 |
||
| 655 |
_vReading book _934232 |
||
| 700 | 1 |
_aسراج الدين، إسماعيل، _eمقدم. |
|
| 700 | 1 |
_aعزب، خالد، _eمحرر. |
|
| 700 | 1 |
_aكريستان، آن ماري، _eمشرف. |
|
| 942 | _2ddc | ||